Записка тайного советника А.А. Попова и чиновника особых поручений Шелашникова о затруднениях при пользовании годовыми отчетами ...

Доступно только в Электронных читальных залах Найти на картеНа карте
RUSMARC
00003691nmc2a22002413x 450
001f83e8cf0-3c21-4098-92df-ee91b555f501
00520230810193651.0
100##$a20221222l18841884k l0rusy0189 ca
1010#$arus
102##$aRU
105##$ay###
1222#$ad
2001#$aЗаписка тайного советника А.А. Попова и чиновника особых поручений Шелашникова о затруднениях при пользовании годовыми отчетами учебных заведений для общих сводок; свод мнений попечителей учебных округов о новых формах отчетности
$j1884 г.
215##$a95 л.
$d36,5х26 см
251##$cДело
300##$aДело
371##$aДокумент не является опубликованным и широко распространяемым
461#0$1001a74412a3-3cc5-4d21-8f0a-dfe2fbd9e72d
$12001
$aДепартамент народного просвещения Министерства народного просвещения (1803-1917)
$1251
$cФонд
$1852
$j733
462#0$1001eee5cd01-9790-469a-9945-6bffddbc7761
$12001
$aРазряд общих дел
$1251
$cОпись
$1852
$j228
801#0$aRU
$bРГИА
$c20221222
$gRCR
801#1$aRU
$bГлавНИВЦ
$c20221222
$2rusmarc
801#2$aRU
$bПБ им. Б.Н. Ельцина
$c20230810
$gRCR
$2rusmarc
850##$aРГИА
852##$aРГИА
$eФедеральное казенное учреждение "Российский государственный исторический архив" (РГИА)
$j27
937##$hРГИА
$d12396458
$aASBIBLIO_SCAN
035##$aRusGRCC00058797
856##$uhttp://readingroom.main.prlib.ru/item.aspx?id_node=n187146291&mode=full
Формат отображения